| 000 | 00534nam a2200181Ia 4500 | ||
|---|---|---|---|
| 008 | 100917s9999 xx 000 0 und d | ||
| 082 | _b25105 | ||
| 100 | _aभावे पु. भा. | ||
| 245 | _aरखमाच्या मुली | ||
| 260 |
_bमेनका प्रकाशन _c1975 |
||
| 300 | _a108 | ||
| 365 | _b6 | ||
| 520 | _aकादंबरी | ||
| 630 | _aरखमाच्या मुली | ||
| 650 | _aकादंबरी | ||
| 730 | _aरखमाच्या मुली | ||
| 942 | _cBOOK | ||
| 999 |
_c630499 _d630496 |
||